Culture générale ! Une image... Un des... (24) - Statistiques

Statistiques générales
  • Ce quiz a été pris 66 fois
  • Le résultat moyen est 8 sur 20
Statistiques - réponses
Par images Hint Réponse % Correct
des personnages de Disney Hercule
82%
des détroits Gibraltar
80%
des animaux marins Oursin
77%
des bâtiments américains Pentagone
75%
des oiseaux disparus dodo
68%
des villes européennes Venise
61%
des pinces pince à {escargot}
57%
des années du XXe siècle 1914
50%
objets de communication modem
46%
des apôtres St {Pierre}
46%
des Italiennes célèbres Sophia Loren
36%
des compagnies aériennes Qantas
25%
des chanteurs français Pierre Perret
14%
des ruines romaines qui se trouve dans ce pays Allemagne
11%
des sports horse-ball
9%
des vêtements liturgiques calotte
7%
des places de Paris place du {Carrousel}
7%
des grades de l'armée sergent-chef
7%
poisson pêché en France barbue
2%
des villages préférés des Français Cordes-sur-Ciel
2%
Aucun quiz correspondant
Distribution des résultats
% des personnes avec chaque résultat
Percentile par nombre de réponses
Votre historique - résultats
Vous n’avez pas pris ce quiz